[Event "Brandenburg Seniors op 13th"]
[Site "Rowy"]
[Date "2004.06.29"]
[Round "8"]
[White "Fietzek, Georg"]
[Black "Janocha, Jan"]
[Result "1-0"]
[WhiteElo "1825"]
[BlackElo "1507"]
[PlyCount "90"]
[EventDate "2004.06.21"]
[EventType "swiss"]
[EventRounds "9"]
[EventCountry "POL"]
[SourceTitle "EXT 2006"]
[Source "ChessBase"]
[SourceDate "2005.11.24"]
[SourceVersion "1"]
[SourceVersionDate "2005.11.24"]
[SourceQuality "1"]

1. e4 e6 2. d4 b6 3. Bd3 Bb7 4. Nf3 Ne7 5. 0-0 Ng6 6. Re1 Be7 7. Be3 0-0 8. Qd2 d6 9. c4 Nd7 10. Nc3 e5 11. Rad1 a6 12. Nd5 Bxd5 13. cxd5 Bf6 14. b4 a5 15. b5 exd4 16. Nxd4 Bxd4 17. Bxd4 Qh4 18. g3 Qd8 19. f4 Re8 20. Qc3 f6 21. a4 Nc5 22. Bxc5 dxc5 23. Bf1 Qd6 24. Re3 Re7 25. Rde1 Rae8 26. Bh3 Nf8 27. Bg4 Kh8 28. Bh5 g6 29. Bg4 Kg8 30. Bf3 Nd7 31. Bg2 h6 32. Qc4 Kh7 33. Qd3 Kg7 34. Bh3 c4 35. Qxc4 Qc5 36. Qxc5 Nxc5 37. e5 fxe5 38. fxe5 Rd8 39. Bg2 Nxa4 40. Rd1 Nc5 41. Kf2 Rf8+ 42. Ke2 Rfe8 43. Rf1 Rf8 44. Rff3 Rxf3 45. Bxf3 Nb7 1-0

[Event "Brandenburg-ch Seniors 09th"]
[Site "Rowy"]
[Date "2001.06.25"]
[Round "7"]
[White "Schatzberg, Wolfgang"]
[Black "Fietzek, Georg"]
[Result "1-0"]
[WhiteElo "1946"]
[BlackElo "1871"]
[PlyCount "95"]
[EventDate "2001.06.??"]
[EventType "swiss"]
[EventRounds "7"]
[EventCountry "POL"]
[SourceTitle "EXT 2006"]
[Source "ChessBase"]
[SourceDate "2005.11.24"]
[SourceVersion "1"]
[SourceVersionDate "2005.11.24"]
[SourceQuality "1"]

1. d4 Nf6 2. c4 g6 3. Nc3 Bg7 4. e4 d6 5. f3 0-0 6. Be3 c6 7. Qd2 Re8 8. Rd1 Qa5 9. Nge2 e5 10. dxe5 dxe5 11. Nc1 Nbd7 12. Nb3 Qc7 13. Be2 Nf8 14. Bc5 N6d7 15. Bd6 Qd8 16. Bc5 Ne6 17. Be3 Qe7 18. 0-0 Ndc5 19. Nxc5 Nxc5 20. b4 Ne6 21. c5 Rd8 22. Qb2 a6 23. Na4 Nd4 24. Nb6 Rb8 25. Bc4 Be6 26. Rd2 f5 27. Bxe6+ Nxe6 28. Nc4 Rxd2 29. Qxd2 f4 30. Bf2 g5 31. Nd6 Nd4 32. a4 Qe6 33. Qb2 b6 34. Qd2 bxc5 35. bxc5 Nb3 36. Qc3 Bf6 37. Rd1 Bd8 38. Nc4 Bc7 39. Rb1 Nd4 40. Rxb8+ Bxb8 41. Bxd4 exd4 42. Qxd4 Ba7 43. h3 Qe7 44. Nd6 Qg7 45. Qc4+ Kf8 46. Kh2 h5 47. Qe6 Qe7 48. Qc8+ 1-0